Southville International School and Colleges
Your cart is empty.
  • Cart
  • Lists
    Public lists Eva Luna New books Lux_list list_1
    Your lists Log in to create your own lists
  • Log in to your account
  • Your cookies
  • Search history
Southville International School and Colleges
  • Advanced search
  • Recent comments
  • Most popular
  • Libraries

Log in to your account

Log in with GOOGLE


If you do not have an external account, but do have a local account, you can still log in:

  1. Home
  2. MARC view: Accounting information systems /
Normal view MARC view ISBD view

Accounting information systems / (Record no. 25189)

[ view plain ]
MARC details
000 -LEADER
fixed length control field 00712nam a2200229 a 4500
005 - DATE AND TIME OF LATEST TRANSACTION
control field 20140310183607.0
008 - FIXED-LENGTH DATA ELEMENTS--GENERAL INFORMATION
fixed length control field 120625s19uu xx 00 eng d
020 ## - INTERNATIONAL STANDARD BOOK NUMBER
International Standard Book Number 9780324378832
050 ## - LIBRARY OF CONGRESS CALL NUMBER
Classification number HF 5679
Item number .G317 2008
100 ## - MAIN ENTRY--PERSONAL NAME
Personal name Gelinas, Ulric J., Jr.
245 ## - TITLE STATEMENT
Title Accounting information systems /
Statement of responsibility, etc Ulric J. Gelinas, Jr., Richard B. Dull.
260 ## - PUBLICATION, DISTRIBUTION, ETC. (IMPRINT)
Place of publication, distribution, etc Mason, Ohio :
Name of publisher, distributor, etc Thomson/South-Western,
Date of publication, distribution, etc 2008.
300 ## - PHYSICAL DESCRIPTION
Extent 658 p. :
Other physical details ill. col. ;
Dimensions 26 cm.
440 ## - SERIES STATEMENT/ADDED ENTRY--TITLE
Title 7th ed
500 ## - GENERAL NOTE
General note Includes index
521 ## - TARGET AUDIENCE NOTE
Target audience note
650 ## - SUBJECT ADDED ENTRY--TOPICAL TERM
Topical term or geographic name as entry element Accounting
General subdivision Data processing
650 ## - SUBJECT ADDED ENTRY--TOPICAL TERM
Topical term or geographic name as entry element Information storageand retrieval systems
General subdivision Accounting
700 ## - ADDED ENTRY--PERSONAL NAME
Personal name Dull, Richard B.
942 ## - ADDED ENTRY ELEMENTS (KOHA)
Koha item type Books
Source of classification or shelving scheme Library of Congress Classification
Call number prefix Foreign
Holdings
Withdrawn status Lost status Source of classification or shelving scheme Damaged status Home library Current library Shelving location Date acquired Source of acquisition Total Checkouts Full call number Barcode Date last seen Copy number Price effective from Koha item type
    Library of Congress Classification   College Library College Library General Circulation Section 06/25/2012 Donation   HF 5679 .G317 2008 C15081 05/15/2018 1 10/18/2013 Books

Accounting information systems /

APA

Gelinas U. J. J., Dull R. B., . (2008). Accounting information systems. Mason, Ohio: Thomson/South-Western.

Chicago

Gelinas Ulric J Jr, Dull Richard B, . 2008. Accounting information systems. Mason, Ohio: Thomson/South-Western.

Harvard

Gelinas U. J. J., Dull R. B., . (2008). Accounting information systems. Mason, Ohio: Thomson/South-Western.

MLA

Gelinas Ulric J Jr, Dull Richard B, . Accounting information systems. Mason, Ohio: Thomson/South-Western. 2008.

  • Place hold
  • Print
  • Cite
  • Add to your cart (remove)
  • Save record
    BIBTEX Dublin Core MARCXML MARC (non-Unicode/MARC-8) MARC (Unicode/UTF-8) MARC (Unicode/UTF-8, Standard) MODS (XML) RIS
  • More searches
    Search for this title in:
    Other Libraries (WorldCat) Other Databases (Google Scholar) Online Stores (Bookfinder.com) Open Library (openlibrary.org)

Exporting to Dublin Core...

SOUTHVILLE LIBRARY

Southville International School and Colleges Library

1281 Tropical Ave. Cor. Luxembourg St., BF Homes International, Las Pinas City

Tel. No. 8256374 / 252358 Loc. 117/146

Powered by Koha